2-Syllable Rhyming Answers #1 - Statistics

General Stats
  • This quiz has been taken 10,927 times
    10,843 since last reset
  • The average score is 13 of 20
Answer Stats
Hint Answer % Correct
A humorous rabbit Funny Bunny
93%
Smelly small finger Stinky Pinky
88%
Large rock that is more elderly Older Boulder
84%
Different male sibling Other Brother
83%
A reptilian sorcerer Lizard Wizard
81%
Thigh bone of a Madagascar primate Lemur Femur
80%
A player of a low-note instrument who has a problem with people of color Racist Bassist
78%
Criminal who steals cantaloupes Melon Felon
71%
A sea made entirely of ointment Lotion Ocean
64%
Caramel espresso Toffee Coffee
61%
Root vegetable for Polly Parrot Carrot
57%
A regular activity involving bunnies Rabbit Habit
57%
Bovine war Cattle Battle
56%
A jazzy or smelly primate Funky Monkey
56%
Exotic fruit dance Mango Tango
56%
A castle located in a Texas city Dallas Palace
54%
A humped domestic animal that speaks a language of southern India Tamil Camel
44%
Extremely hirsute Very Hairy
44%
Weirder threat Stranger Danger
43%
An absurd young female horse Silly Filly
42%
No matching quizzes found
Score Distribution
Percent of People with Each Score
Percentile by Number Answered
Your Score History
You have not taken this quiz since the last reset